Demand for money: theories and evidence (Record no. 237866)

MARC details
000 -LEADER
fixed length control field 00520nam a2200217Ia 4500
008 - FIXED-LENGTH DATA ELEMENTS--GENERAL INFORMATION
fixed length control field 150901s9999 xx 000 0 und d
041 ## - LANGUAGE CODE
Language code of text/sound track or separate title English
082 ## - DEWEY DECIMAL CLASSIFICATION NUMBER
Classification number 332
082 ## - DEWEY DECIMAL CLASSIFICATION NUMBER
Item number LAI/DE
100 ## - MAIN ENTRY--PERSONAL NAME
Personal name Laidler D E W
100 ## - MAIN ENTRY--PERSONAL NAME
Relator term Author
245 ## - TITLE STATEMENT
Title Demand for money: theories and evidence
260 ## - PUBLICATION, DISTRIBUTION, ETC. (IMPRINT)
Place of publication, distribution, etc. New Delhi
260 ## - PUBLICATION, DISTRIBUTION, ETC. (IMPRINT)
Name of publisher, distributor, etc. Allied publishers Pvt Ltd
260 ## - PUBLICATION, DISTRIBUTION, ETC. (IMPRINT)
Date of publication, distribution, etc. 1983
300 ## - PHYSICAL DESCRIPTION
Extent 128 Pages
365 ## - TRADE PRICE
Price type code Rs .88 .00
650 ## - SUBJECT ADDED ENTRY--TOPICAL TERM
Topical term or geographic name as entry element banking
650 ## - SUBJECT ADDED ENTRY--TOPICAL TERM
Topical term or geographic name as entry element Financial economics
942 ## - ADDED ENTRY ELEMENTS (KOHA)
Koha item type Books (General)
Holdings
Withdrawn status Lost status Damaged status Not for loan Home library Current library Date acquired Cost, normal purchase price Total Checkouts Full call number Barcode Date last seen Price effective from Koha item type
        College of Agriculture, Vellanikkara College of Agriculture, Vellanikkara 03/03/2022 88.00   332 LAI/DE KAU-COA-22027 16/09/2015 16/09/2015 Books (General)
Kerala Agricultural University Central Library
Thrissur-(Dt.), Kerala Pin:- 680656, India
Ph : (+91)(487) 2372219
E-mail: librarian@kau.in
Website: http://library.kau.in/